00640nam a22001937a 450000500170000001000150001702000260003203500140005803700130007208200130008510000190009824501050011725000100022226000660023227000860029830000210038470000230040570000180042820230503123231.0 aENG-136756 a9789352602117c745.00 aEN-120288 bDBAD/PUB a658.4052 aLewicki,Roy. J aNegotiations :cBy Roy. J Lewicki; David M.Saunders And Bruce BarrybReadings, Exercises and Cases / aSixth aChennaibMc Graw Hill Education (India) Private Limitedc2016 a444/1, Sri Ekambara Naicker Industrial Estate, Alapakkam, POrur bChennaie600116 a708p.;c24m(pbk) a.Saunders, David M a Barry, Bruce